Yeatss poetry drama and prose: authoritative texts contexts criticism (Record no. 165838)
[ view plain ]
| 000 -LEADER | |
|---|---|
| fixed length control field | 00741nam a2200241Ia 4500 |
| 003 - CONTROL NUMBER IDENTIFIER | |
| control field | OSt |
| 005 - DATE AND TIME OF LATEST TRANSACTION | |
| control field | 20230511103022.0 |
| 008 - FIXED-LENGTH DATA ELEMENTS--GENERAL INFORMATION | |
| fixed length control field | 210423s2000 xx 000 0 und d |
| 020 ## - INTERNATIONAL STANDARD BOOK NUMBER | |
| International Standard Book Number | 978-0-393-97497-3 |
| 040 ## - CATALOGING SOURCE | |
| Transcribing agency | AL |
| 041 ## - LANGUAGE CODE | |
| Language code of text/sound track or separate title | eng |
| 082 ## - DEWEY DECIMAL CLASSIFICATION NUMBER | |
| Classification number | 821.8 PETY |
| 100 ## - MAIN ENTRY--PERSONAL NAME | |
| Personal name | PETHICA (James) Ed |
| 9 (RLIN) | 102335 |
| 245 ## - TITLE STATEMENT | |
| Title | Yeatss poetry drama and prose: authoritative texts contexts criticism |
| 260 ## - PUBLICATION, DISTRIBUTION, ETC. | |
| Place of publication, distribution, etc. | New York |
| Name of publisher, distributor, etc. | W W Norton & Co., |
| Date of publication, distribution, etc. | 2000 |
| 300 ## - PHYSICAL DESCRIPTION | |
| Extent | xxv,518p |
| Other physical details | PB |
| 365 ## - TRADE PRICE | |
| Price amount | 883.04 |
| Currency code | USD |
| 440 ## - SERIES STATEMENT/ADDED ENTRY--TITLE | |
| Title | Notron critical edition |
| 9 (RLIN) | 102336 |
| 650 ## - SUBJECT ADDED ENTRY--TOPICAL TERM | |
| Topical term or geographic name entry element | English Literature |
| 9 (RLIN) | 102337 |
| 650 ## - SUBJECT ADDED ENTRY--TOPICAL TERM | |
| Topical term or geographic name entry element | English Poetry |
| 9 (RLIN) | 102338 |
| 906 ## - LOCAL DATA ELEMENT F, LDF (RLIN) | |
| a | authoritative ; contexts ; criticism ; drama ; poetry ; prose: ; texts ; Yeatss |
| 942 ## - ADDED ENTRY ELEMENTS (KOHA) | |
| Source of classification or shelving scheme | Dewey Decimal Classification |
| Koha item type | Book |
| Withdrawn status | Lost status | Damaged status | Not for loan | Collection code | Home library | Current library | Date acquired | Source of acquisition | Cost, normal purchase price | Total Checkouts | Full call number | Barcode | Date last seen | Price effective from | Koha item type |
|---|---|---|---|---|---|---|---|---|---|---|---|---|---|---|---|
| MA English | St Aloysius PG Library | St Aloysius PG Library | 09/04/2014 | Intact Bookhouse | 883.04 | 821.8 PETY | PG012336 | 08/24/2022 | 04/26/2021 | Book |